000 01073cam a2200265 i 4500
005 20160210194819.0
008 990609s2000 enka b 001 0 eng
020 _a0521660831 (hardback : alk. paper)
040 _aDLC
_cDLC
_dDLC
_dCO-BoIAVH
041 _aeng
042 _apcc
043 _an-us---
082 0 4 _a363.7387
_bE45m
100 1 _aEllerman, A. Denny
245 1 0 _aMarkets for clean air :
_bthe U.S. acid rain program /
_cA. Denny Ellerman y (otros cuatro autores).
260 _aCambridge, UK ;
_aNew York, NY :
_bCambridge University Press,
_c2000.
300 _axxi, 362 páginas ;
_c24 cm.
504 _aIncluye referencias bibliográficas e índice.
650 1 4 _aAdministración de la calidad del aire
_xPolítica gubernamental
_zEstados Unidos
650 2 4 _aControl de calidad del aire
_zEstados Unidos
650 2 4 _aLluvia acida
_xAspectos ambientales
_xPolítica gubernamental
_zEstados Unidos
856 4 1 _3Tabla de contenido
_uhttp://www.loc.gov/catdir/toc/cam026/99016913.html
942 _2ddc
_cLIBRO
999 _c2727
_d2727